00311nam a22001337a 4500003000400000008004100004020001800045082001600063100002400079245003000103250001100133260002500144300000800169OSt250421b |||||||| |||| 00| 0 eng d a9789355515612 a005.133 KAD aKANETKAR, Yashavant aData Structure Through C  a5th Ed aNew DelhibBPBc2025 a298